[Event "Brno op 6th"]
[Site "Brno"]
[Date "2015.11.17"]
[Round "4"]
[White "Kopecek, Ivan"]
[Black "Kalisch, Michael"]
[Result "0-1"]
[WhiteElo "1949"]
[BlackElo "1809"]
[PlyCount "86"]
[EventDate "2015.11.14"]
[EventType "swiss"]
[EventRounds "9"]
[EventCountry "CZE"]
[SourceTitle "CBM 169 Extra"]
[Source "ChessBase"]
[SourceDate "2015.12.18"]
[SourceVersion "1"]
[SourceVersionDate "2015.12.18"]
[SourceQuality "1"]

1. e4 c6 2. d4 d5 3. exd5 cxd5 4. Bd3 Nc6 5. c3 g6 6. Bf4 Bf5 7. Nf3 Nf6 8. Ne5 Bxd3 9. Qxd3 Bg7 10. Nd2 0-0 11. h4 Qc8 12. f3 Qf5 13. Qxf5 gxf5 14. Nd3 b6 15. Kf2 Rfd8 16. Nb3 Ne8 17. Rhg1 Nd6 18. g4 fxg4 19. Rxg4 Kh8 20. Rag1 Nf5 21. h5 h6 22. Ne5 Bxe5 23. dxe5 Rg8 24. a4 e6 25. Re1 Rge8 26. Nd4 Ncxd4 27. cxd4 Rac8 28. Re2 Rc4 29. b3 Rc3 30. Rb2 Rd8 31. Bd2 Rd3 32. Ke2 Rxd4 33. Rxd4 Nxd4+ 34. Kf2 Nf5 35. Bb4 Kh7 36. Ke1 Rg8 37. Kd2 Rg1 38. Kd3 Rg5 39. Rc2 Rg3 40. Rc7 Rxf3+ 41. Kc2 Nd4+ 42. Kd1 Kg7 43. Rxa7 Nc6 0-1

[Event "Brno op 6th"]
[Site "Brno"]
[Date "2015.11.15"]
[Round "2"]
[White "Chudinovskih, Alexander N"]
[Black "Kalisch, Michael"]
[Result "1-0"]
[WhiteElo "2235"]
[BlackElo "1809"]
[PlyCount "97"]
[EventDate "2015.11.14"]
[EventType "swiss"]
[EventRounds "9"]
[EventCountry "CZE"]
[SourceTitle "CBM 169 Extra"]
[Source "ChessBase"]
[SourceDate "2015.12.18"]
[SourceVersion "1"]
[SourceVersionDate "2015.12.18"]
[SourceQuality "1"]

1. Nf3 d5 2. d4 Nf6 3. c4 e6 4. g3 dxc4 5. Bg2 Nc6 6. 0-0 a6 7. Re1 Be7 8. Nc3 0-0 9. e4 Rb8 10. d5 exd5 11. e5 Ng4 12. h3 d4 13. Nb1 Nxf2 14. Kxf2 Nb4 15. Kg1 c5 16. Nbd2 b5 17. Ne4 Bb7 18. Bf4 Nd3 19. Re2 Bxe4 20. Rxe4 Nxb2 21. Qe2 Nd3 22. Rf1 Rb6 23. h4 Nb4 24. Qf2 c3 25. Bg5 h6 26. Bxe7 Qxe7 27. Ne1 Re6 28. a3 Nd5 29. Bh3 Rxe5 30. Rxe5 Qxe5 31. Nd3 Qd6 32. Kh2 Ne3 33. Re1 c4 34. Nf4 Re8 35. Ng2 c2 36. Nxe3 c1Q 37. Rxc1 Rxe3 38. a4 Qe7 39. Bg2 d3 40. axb5 axb5 41. Ra1 g6 42. Qf4 Kg7 43. Ra8 Qe5 44. Qf2 Re2 45. Qf3 Qf6 46. Rg8+ Kxg8 47. Qxf6 d2 48. Qd8+ Kh7 49. Qd7 1-0

[Event "GER-ch U16"]
[Site "Willingen"]
[Date "2006.06.05"]
[Round "4"]
[White "Savchenko, Aleksij"]
[Black "Kalisch, Michael"]
[Result "1-0"]
[WhiteElo "2074"]
[BlackElo "1824"]
[PlyCount "61"]
[EventDate "2006.06.03"]
[EventType "swiss"]
[EventRounds "9"]
[EventCountry "GER"]
[SourceTitle "EXT 2007"]
[Source "ChessBase"]
[SourceDate "2006.11.23"]
[SourceVersion "1"]
[SourceVersionDate "2006.11.23"]
[SourceQuality "1"]

1. d4 d5 2. c4 e6 3. Nc3 Nf6 4. cxd5 exd5 5. Bg5 Be7 6. e3 c6 7. Bd3 0-0 8. Qc2 Nbd7 9. Nge2 Re8 10. 0-0 Nf8 11. f3 Be6 12. Rad1 Qd7 13. Kh1 Rad8 14. e4 dxe4 15. fxe4 Ng4 16. Bc1 Nf6 17. d5 cxd5 18. Bb5 Qc7 19. Bxe8 Rxe8 20. Bf4 Bd6 21. exd5 Bxf4 22. Nxf4 Bg4 23. Rc1 Qe5 24. h3 Bf5 25. Qd2 Ne4 26. Nxe4 Bxe4 27. Qf2 Qf5 28. Qg3 Qe5 29. Kh2 Qxb2 30. Rc7 Qe5 31. Rxb7 1-0

[Event "GER-ch U16"]
[Site "Willingen"]
[Date "2006.06.03"]
[Round "1"]
[White "Kalisch, Michael"]
[Black "Werthebach, Felix"]
[Result "1/2-1/2"]
[WhiteElo "1824"]
[BlackElo "2081"]
[PlyCount "107"]
[EventDate "2006.06.03"]
[EventType "swiss"]
[EventRounds "9"]
[EventCountry "GER"]
[SourceTitle "EXT 2007"]
[Source "ChessBase"]
[SourceDate "2006.11.23"]
[SourceVersion "1"]
[SourceVersionDate "2006.11.23"]
[SourceQuality "1"]

1. e4 c5 2. c3 Nf6 3. e5 Nd5 4. d4 cxd4 5. Nf3 e6 6. cxd4 Nc6 7. Nc3 d6 8. Nxd5 exd5 9. Be2 Be7 10. 0-0 0-0 11. Bf4 dxe5 12. Nxe5 Be6 13. Nxc6 bxc6 14. Be5 Qb6 15. b3 Rac8 16. Qd3 f6 17. Bf4 c5 18. dxc5 Bxc5 19. Qa6 Rfd8 20. Rac1 Bf5 21. Bd3 Be4 22. Be3 Bxd3 23. Qxd3 Bxe3 24. Qxe3 Qxe3 25. fxe3 Kf7 26. Kf2 Ke6 27. Rfd1 Ke5 28. Kf3 f5 29. g3 h6 30. Ke2 g5 31. Kd3 g4 32. Rxc8 Rxc8 33. Rh1 a5 34. h4 a4 35. Rb1 Ra8 36. b4 a3 37. Rb3 Rb8 38. b5 Rb6 39. Rb4 Ke6 40. Kd4 Kd6 41. Rb3 Rb7 42. Rxa3 Rxb5 43. Ra6+ Kd7 44. Rxh6 Ra5 45. Rh5 Rxa2 46. Rxf5 Rg2 47. Rxd5+ Ke6 48. Rg5 Rxg3 49. Ke4 Kf6 50. Kd4 Rg1 51. e4 g3 52. Ke3 Rh1 53. Rg4 g2 54. Rxg2 1/2-1/2

[Event "GER-ch U14"]
[Site "Willingen"]
[Date "2004.06.01"]
[Round "6"]
[White "Koelsch, Maximilian"]
[Black "Kalisch, Michael"]
[Result "1-0"]
[WhiteElo "1867"]
[BlackElo "1576"]
[PlyCount "61"]
[EventDate "2004.06.??"]
[EventType "swiss"]
[EventRounds "9"]
[EventCountry "GER"]
[SourceTitle "EXT 2005"]
[Source "ChessBase"]
[SourceDate "2004.11.15"]
[SourceVersion "1"]
[SourceVersionDate "2004.11.15"]
[SourceQuality "1"]

1. d4 d5 2. c4 e6 3. Nc3 Nf6 4. Nf3 Be7 5. e3 Nbd7 6. Qc2 0-0 7. b3 a6 8. Bb2 dxc4 9. bxc4 b6 10. Bd3 Bb7 11. e4 h6 12. 0-0 c6 13. Rad1 Rc8 14. Qb1 Qc7 15. e5 Ne8 16. Rfe1 Rd8 17. a3 Nb8 18. Be4 Qc8 19. Re2 Nc7 20. Red2 Rd7 21. Na4 Na8 22. d5 b5 23. Nc3 cxd5 24. cxd5 exd5 25. Bf5 Nb6 26. e6 fxe6 27. Bxe6+ Kh8 28. Ne5 Rf6 29. Ng6+ Rxg6 30. Qxg6 b4 31. Nxd5 1-0